000 00718nam a22002417a 4500
005 20250903144104.0
008 250903b |||||||| |||| 00| 0 eng d
020 _a978-81-949516-3-6 (hbk)
037 _cTB
040 _aCRL
_cCRL
041 _2SIN
_aSIN
084 _aO1593,2N75(Y11)x R0
_bCRL
100 _aKhilwani, Mahesh
_9819972
245 _aGudee
260 _aAhmedabad, India:
_bScan Computers,
_c2020.
300 _a90+86p.
365 _b350.00
_cINR
650 _aSindhi Literature
650 _aSindhi Drama
_9817260
650 _aChildren
942 _2CC
_cTB
_hO1593,2N75(Y11)x R0
_n0
999 _c1435125
_d1435125